000
002910000a22000970004500
100
1
_a
Cole, Graham
245
1
0
_a
Discovering God's will : Paley's problem with special reference to the christian sabbath'
300
_a
Num 39 (1988), Páginas 125-140
773
0
_t
Tyndale Bulletin
942
_c
ANA
999
_c
56689
_d
56689